| 000 | 00373nam a2200133Ia 4500 | ||
|---|---|---|---|
| 005 | 20251222141809.0 | ||
| 008 | 251222s9999||||xx |||||||||||||| ||spa|| | ||
| 020 | _a978-84-9835-255-9 | ||
| 082 | _a613.208.32/A66 | ||
| 100 | _aAranceta, Javier | ||
| 245 | 0 | _aAlimentos Funcionales y Salud en las Etapas Infantiles y Juveniles | |
| 264 | _bMédica Panamericana | ||
| 942 | _cLIB | ||
| 999 |
_c6413 _d6413 |
||